[Event "Biel"]
[Site "Biel SUI"]
[Date "1994.??.??"]
[Round "8"]
[White "Cramling, Pia"]
[Black "Gallagher, Joseph G"]
[Result "1/2-1/2"]
[WhiteElo "2525"]
[BlackElo "2470"]
[PlyCount "95"]
[EventDate "1994.07.24"]
[EventType "tourn"]
[EventRounds "11"]
[EventCountry "SUI"]
[EventCategory "10"]

1. d4 Nf6 2. c4 g6 3. Nc3 Bg7 4. e4 d6 5. h3 O-O 6. Bg5 Na6 7. g4 e5 8. d5 Qe8 9. Nge2 c6 10. Ng3 cxd5 11. cxd5 Bd7 12. Bd3 Nc5 13. Bc2 a5 14. a4 Qd8 15. Rb1 Rc8 16. Kf1 Na6 17. Bd3 Nc5 18. Bb5 Bxb5+ 19. axb5 Qd7 20. Kg2 Ne8 21. Ra1 b6 22. Ra3 Bf6 23. Bh6 Bg7 24. Be3 Nf6 25. Qe2 Kh8 26. f3 h5 27. Na4 Rb8 28. Rd1 Ng8 29. Nc3 f5 30. Nh1 Rf7 31. Nf2 Rbf8 32. Na4 fxe4 33. fxe4 Nxa4 34. Rxa4 Bh6 35. Rd2 Bxe3 36. Qxe3 Qxb5 37. Ra3 hxg4 38. hxg4 a4 39. Rc3 Kg7 40. Rc6 Nf6 41. Qxb6 Qxb6 42. Rxb6 Nd7 43. Rxd6 Nc5 44. Rb6 Nb3 45. Rc2 Nd4 46. Rd2 Nb3 47. Rc2 Nd4 48. Rd2 1/2-1/2

[Event "Biel"]
[Site "Biel SUI"]
[Date "1994.??.??"]
[Round "8"]
[White "Forster, Richard"]
[Black "Pelletier, Yannick"]
[Result "1/2-1/2"]
[WhiteElo "2380"]
[BlackElo "2350"]
[PlyCount "67"]
[EventDate "1994.07.24"]
[EventType "tourn"]
[EventRounds "11"]
[EventCountry "SUI"]
[EventCategory "10"]

1. e4 e6 2. d4 b6 3. Bd3 Bb7 4. Nf3 c5 5. Nc3 cxd4 6. Nxd4 Nc6 7. Nxc6 Bxc6 8. O-O Ne7 9. Bg5 f6 10. Be3 Ng6 11. f4 Bc5 12. Bxc5 bxc5 13. f5 Ne5 14. Qh5+ Ke7 15. Kh1 Qb6 16. Rab1 Rag8 17. Qe2 Rb8 18. a3 Ba8 19. Nd1 Qd6 20. Nf2 h5 21. Nh3 Rh6 22. Nf4 Rg8 23. fxe6 dxe6 24. Bc4 Nxc4 25. Qxc4 g5 26. Rbd1 Qe5 27. Nd3 Qd4 28. Qxc5+ Qxc5 29. Nxc5 Bc6 30. Rd2 g4 31. Rfd1 f5 32. Rd6 Rc8 33. e5 f4 34. Nd3 1/2-1/2

[Event "Biel"]
[Site "Biel SUI"]
[Date "1994.??.??"]
[Round "9"]
[White "Brunner, Lucas"]
[Black "Forster, Richard"]
[Result "1-0"]
[WhiteElo "2525"]
[BlackElo "2380"]
[PlyCount "61"]
[EventDate "1994.07.24"]
[EventType "tourn"]
[EventRounds "11"]
[EventCountry "SUI"]
[EventCategory "10"]

1. d4 Nf6 2. Nf3 g6 3. Bf4 Bg7 4. e3 O-O 5. Be2 b6 6. c4 c5 7. Nc3 d6 8. h3 cxd4 9. exd4 Nbd7 10. O-O Bb7 11. d5 a6 12. Nd4 Rc8 13. a4 Ne5 14. b3 Re8 15. Qd2 e6 16. dxe6 fxe6 17. Rad1 Nfd7 18. Be3 Nc5 19. Qa2 Qh4 20. Rfe1 d5 21. cxd5 Ncd3 22. Bxd3 Rxc3 23. Bf1 Bxd5 24. Qd2 Rxe3 25. Qxe3 a5 26. f4 Nd7 27. Bb5 Qe7 28. Nf3 Qd6 29. Ng5 Re7 30. Bc4 Nf6 31. Nxe6 1-0

[Event "Biel"]
[Site "Biel SUI"]
[Date "1994.??.??"]
[Round "9"]
[White "Hoffman, Alejandro"]
[Black "Wahls, Matthias"]
[Result "0-1"]
[WhiteElo "2500"]
[BlackElo "2540"]
[PlyCount "68"]
[EventDate "1994.07.24"]
[EventType "tourn"]
[EventRounds "11"]
[EventCountry "SUI"]
[EventCategory "10"]

1. d4 Nf6 2. Nf3 e6 3. Bg5 h6 4. Bxf6 Qxf6 5. e4 d6 6. Nc3 g6 7. Qd2 Bg7 8. O-O-O Qe7 9. h4 Bd7 10. Kb1 Nc6 11. d5 Ne5 12. Nxe5 dxe5 13. Qe3 a6 14. h5 g5 15. Be2 b5 16. Bg4 O-O 17. dxe6 fxe6 18. Qh3 Bc8 19. Rd2 Rb8 20. Rhd1 Rb6 21. Qe3 Re8 22. Ne2 c5 23. Nc1 Qc7 24. c4 Bf8 25. Be2 Re7 26. g3 Rd7 27. Rxd7 Bxd7 28. f4 exf4 29. gxf4 gxf4 30. Qg1+ Bg7 31. cxb5 Bxb5 32. Bxb5 Rxb5 33. e5 Rxb2+ 34. Ka1 Rg2 0-1

[Event "Biel"]
[Site "Biel SUI"]
[Date "1994.??.??"]
[Round "9"]
[White "Pelletier, Yannick"]
[Black "Cramling, Pia"]
[Result "1-0"]
[WhiteElo "2350"]
[BlackElo "2525"]
[PlyCount "77"]
[EventDate "1994.07.24"]
[EventType "tourn"]
[EventRounds "11"]
[EventCountry "SUI"]
[EventCategory "10"]

1. d4 Nf6 2. c4 c5 3. d5 b5 4. cxb5 a6 5. e3 g6 6. Nc3 Bg7 7. a4 O-O 8. Ra3 Bb7 9. Nh3 e6 10. Nf4 e5 11. Nd3 Qe7 12. Qb3 Rc8 13. Qc4 e4 14. Nf4 d6 15. h4 Nbd7 16. bxa6 Bxa6 17. Qxa6 Rxa6 18. Bxa6 Rb8 19. O-O h6 20. a5 g5 21. hxg5 hxg5 22. Nh3 Ne8 23. Be2 Nc7 24. Rd1 f5 25. a6 Ra8 26. Bd2 Ne5 27. Rda1 Bh6 28. Nb5 g4 29. Nxc7 Qxc7 30. Nf4 Nf3+ 31. gxf3 gxf3 32. Kf1 Bxf4 33. exf4 Qh7 34. Ke1 Qh1+ 35. Bf1 Kf7 36. Be3 Rb8 37. a7 Rxb2 38. R3a2 Qh8 39. Rxb2 1-0

[Event "Biel"]
[Site "Biel SUI"]
[Date "1994.??.??"]
[Round "10"]
[White "Cramling, Pia"]
[Black "Brunner, Lucas"]
[Result "1/2-1/2"]
[WhiteElo "2525"]
[BlackElo "2525"]
[PlyCount "130"]
[EventDate "1994.07.24"]
[EventType "tourn"]
[EventRounds "11"]
[EventCountry "SUI"]
[EventCategory "10"]

1. d4 d5 2. Nf3 Nf6 3. c4 dxc4 4. Nc3 e6 5. e4 Bb4 6. Bg5 c5 7. Bxc4 cxd4 8. Nxd4 Bxc3+ 9. bxc3 Qa5 10. Bb5+ Bd7 11. Bxf6 gxf6 12. Qb3 a6 13. Bxd7+ Nxd7 14. Nxe6 Rc8 15. O-O Rxc3 16. Ng7+ Kf8 17. Qd1 Kxg7 18. Qg4+ Qg5 19. Qxd7 Qb5 20. Qxb5 axb5 21. f3 Rhc8 22. Rab1 Rc2 23. Rf2 Rc1+ 24. Rxc1 Rxc1+ 25. Rf1 Rc4 26. Rd1 b4 27. h4 Rc2 28. Rb1 Rc4 29. Kf2 b5 30. g4 Kf8 31. Kg3 h6 32. Kf4 Kg7 33. Rb2 Kg6 34. Rb3 Kg7 35. Kf5 Rc5+ 36. Kf4 Rc4 37. h5 Kf8 38. Rd3 Rc2 39. Rd5 Rxa2 40. Rxb5 Rb2 41. Kf5 Kg7 42. f4 b3 43. Rb6 Rc2 44. Rxb3 Rc5+ 45. e5 fxe5 46. fxe5 Rc1 47. Rb4 Rf1+ 48. Ke4 Re1+ 49. Kd5 Rd1+ 50. Rd4 Re1 51. Kd6 Re2 52. Rf4 Ra2 53. Kd5 Rd2+ 54. Ke4 Rd1 55. Kf5 Rg1 56. Rf2 Re1 57. g5 hxg5 58. h6+ Kxh6 59. Kf6 Kh5 60. Rf5 Kh4 61. Rxg5 Rf1+ 62. Rf5 Rxf5+ 63. Kxf5 Kg3 64. Kf6 Kf4 65. Kxf7 Kxe5 1/2-1/2

[Event "Biel"]
[Site "Biel SUI"]
[Date "1994.??.??"]
[Round "10"]
[White "Forster, Richard"]
[Black "Hoffman, Alejandro"]
[Result "0-1"]
[WhiteElo "2380"]
[BlackElo "2500"]
[PlyCount "82"]
[EventDate "1994.07.24"]
[EventType "tourn"]
[EventRounds "11"]
[EventCountry "SUI"]
[EventCategory "10"]

1. e4 c6 2. d4 d5 3. e5 Bf5 4. Nc3 e6 5. g4 Bg6 6. Nge2 Ne7 7. f4 h5 8. f5 exf5 9. g5 Na6 10. Nf4 Nc7 11. h4 Ne6 12. Bg2 Qb6 13. Nce2 c5 14. c3 cxd4 15. cxd4 O-O-O 16. O-O Kb8 17. Be3 Nxf4 18. Nxf4 f6 19. e6 fxg5 20. hxg5 Be8 21. a4 a5 22. b4 axb4 23. a5 Qa6 24. Qb3 Bb5 25. Rfb1 Bc4 26. Qxb4 Nc8 27. Qc3 Be7 28. Rb2 b5 29. Rab1 Na7 30. Ng6 Qxe6 31. Ne5 Rc8 32. Nxc4 Rxc4 33. Rxb5+ Nxb5 34. Rxb5+ Ka7 35. Qb3 Rb4 36. Rxb4 Bxb4 37. Bxd5 Qd6 38. Bc6 Rb8 39. Qd3 Qg3+ 40. Kf1 f4 41. Bb7 Rxb7 0-1

[Event "Biel"]
[Site "Biel SUI"]
[Date "1994.??.??"]
[Round "10"]
[White "Masserey, Yvan"]
[Black "Pelletier, Yannick"]
[Result "1/2-1/2"]
[WhiteElo "2300"]
[BlackElo "2350"]
[PlyCount "125"]
[EventDate "1994.07.24"]
[EventType "tourn"]
[EventRounds "11"]
[EventCountry "SUI"]
[EventCategory "10"]

1. e4 c5 2. Nf3 d6 3. d4 cxd4 4. Nxd4 Nf6 5. Nc3 Nc6 6. Nb3 e6 7. Be2 Be7 8. O-O a6 9. a4 b6 10. f4 Bb7 11. Be3 O-O 12. Bf3 Nb4 13. Rf2 d5 14. e5 Nd7 15. a5 b5 16. Ne2 Qc7 17. Ned4 Rfe8 18. Be2 Bf8 19. c3 Nc6 20. Nf3 Rac8 21. Bd3 g6 22. h4 b4 23. h5 bxc3 24. bxc3 Bh6 25. hxg6 hxg6 26. Qd2 Ne7 27. Bd4 Nf5 28. Rc1 Ng3 29. Qe3 Ne4 30. Rfc2 Ndc5 31. Nxc5 Nxc5 32. Bxc5 Qxc5 33. Nd4 Qxa5 34. g4 Rc7 35. Rh2 Bg7 36. Bb1 Rec8 37. Rhc2 Bh6 38. g5 Bg7 39. Qh3 Qb6 40. Qd3 a5 41. Kg2 Ba6 42. Qd2 a4 43. Kg3 Bf8 44. Kg4 Qa5 45. Qe3 Bg7 46. Qh3 Bc4 47. Rh2 Qa6 48. Rch1 Kf8 49. Bxg6 a3 50. f5 exf5+ 51. Bxf5 Re8 52. e6 a2 53. Qe3 f6 54. Qf4 Qb6 55. Rh7 Be2+ 56. Nxe2 Rc4 57. Nd4 fxg5 58. Rh8+ Bxh8 59. Rxh8+ Ke7 60. Qe5 Rxh8 61. Qg7+ Kd6 62. Qd7+ Ke5 63. Qg7+ 1/2-1/2

[Event "Biel"]
[Site "Biel SUI"]
[Date "1994.??.??"]
[Round "11"]
[White "Brunner, Lucas"]
[Black "Masserey, Yvan"]
[Result "1-0"]
[WhiteElo "2525"]
[BlackElo "2300"]
[PlyCount "53"]
[EventDate "1994.07.24"]
[EventType "tourn"]
[EventRounds "11"]
[EventCountry "SUI"]
[EventCategory "10"]

1. Nf3 Nf6 2. g3 d5 3. Bg2 Bf5 4. c4 c6 5. cxd5 cxd5 6. Qb3 Qc8 7. Nc3 e6 8. O-O Nc6 9. d3 Be7 10. Bf4 O-O 11. Rac1 Qd7 12. e4 Bg6 13. exd5 exd5 14. d4 Na5 15. Qd1 Ne4 16. Ne5 Qe6 17. Nb5 Rad8 18. Nxg6 hxg6 19. Bc7 Nc6 20. Bxd8 Rxd8 21. Re1 Qf6 22. Bxe4 dxe4 23. Rxe4 a6 24. Rf4 Qe6 25. Nc3 f5 26. d5 Qf7 27. Qe2 1-0

[Event "Biel"]
[Site "Biel SUI"]
[Date "1994.??.??"]
[Round "11"]
[White "Gallagher, Joseph G"]
[Black "Landenbergue, Claude"]
[Result "1-0"]
[WhiteElo "2470"]
[BlackElo "2450"]
[PlyCount "111"]
[EventDate "1994.07.24"]
[EventType "tourn"]
[EventRounds "11"]
[EventCountry "SUI"]
[EventCategory "10"]

1. e4 e6 2. d4 d5 3. Nd2 c5 4. Ngf3 a6 5. exd5 exd5 6. Be2 c4 7. O-O Bd6 8. b3 cxb3 9. axb3 Ne7 10. Re1 Nbc6 11. Nf1 O-O 12. Ne3 h6 13. c3 Be6 14. Bd3 Qd7 15. Ra2 f5 16. Nf1 f4 17. h3 Bf5 18. Rae2 Bxd3 19. Qxd3 Qf5 20. Qd1 Ng6 21. N1h2 Rad8 22. b4 Na7 23. Ng4 Nb5 24. Bb2 Kh8 25. Nge5 Bc7 26. Qb3 Nxe5 27. dxe5 Qe6 28. Rc2 Bb6 29. c4 dxc4 30. Qxc4 Qxc4 31. Rxc4 Rc8 32. Rec1 Rce8 33. Rd1 Rf7 34. h4 Nc7 35. Rd6 Ba7 36. Rxh6+ Kg8 37. Rd6 Ne6 38. Kf1 Rfe7 39. Rd5 Bb8 40. Ne1 Nc7 41. Rd2 Ne6 42. Rdc2 Rd7 43. Rc8 Red8 44. Rxd8+ Rxd8 45. Ke2 Ba7 46. Nf3 Bb6 47. Rc4 Kf7 48. Ng5+ Nxg5 49. Rxf4+ Ke6 50. hxg5 a5 51. bxa5 Bxa5 52. Rd4 Rxd4 53. Bxd4 Kf5 54. f4 Kxf4 55. e6 Bb4 56. Bf6 1-0

[Event "Biel"]
[Site "Biel SUI"]
[Date "1994.??.??"]
[Round "11"]
[White "Gavrikov, Viktor"]
[Black "Vaganian, Rafael A"]
[Result "1/2-1/2"]
[WhiteElo "2600"]
[BlackElo "2645"]
[PlyCount "23"]
[EventDate "1994.07.24"]
[EventType "tourn"]
[EventRounds "11"]
[EventCountry "SUI"]
[EventCategory "10"]

1. d4 Nf6 2. Nf3 d5 3. c4 e6 4. Nc3 Be7 5. Bg5 h6 6. Bxf6 Bxf6 7. e3 O-O 8. Rc1 c6 9. Bd3 Nd7 10. O-O dxc4 11. Bxc4 e5 12. Ne4 1/2-1/2

[Event "Biel"]
[Site "Biel SUI"]
[Date "1994.??.??"]
[Round "11"]
[White "Hoffman, Alejandro"]
[Black "Cramling, Pia"]
[Result "1/2-1/2"]
[WhiteElo "2500"]
[BlackElo "2525"]
[PlyCount "81"]
[EventDate "1994.07.24"]
[EventType "tourn"]
[EventRounds "11"]
[EventCountry "SUI"]
[EventCategory "10"]

1. d4 Nf6 2. Nf3 g6 3. g3 Bg7 4. Bg2 O-O 5. O-O c6 6. a4 d5 7. Na3 Bf5 8. b3 Qc8 9. Bb2 Bh3 10. c4 Bxg2 11. Kxg2 Qf5 12. Rc1 Nbd7 13. b4 Nb6 14. c5 Nbd7 15. Qc2 Qxc2 16. Rxc2 Ne4 17. Ne1 f5 18. Nd3 a6 19. h4 Rfe8 20. f3 Nef6 21. Nb1 Nh5 22. Ne5 Bxe5 23. dxe5 Ng7 24. Bd4 Ne6 25. e3 Rec8 26. Rfc1 Kf7 27. Nd2 Nc7 28. Nb3 Ke6 29. f4 h5 30. Rb1 Nf8 31. Nc1 Rab8 32. Rcb2 Ra8 33. Ne2 Kd7 34. Nc3 Nfe6 35. Kf2 Ra7 36. Ke2 Raa8 37. Kd2 Rd8 38. Ra1 Rdc8 39. Rba2 Rcb8 40. a5 Rg8 41. Kd3 1/2-1/2

[Event "Biel"]
[Site "Biel SUI"]
[Date "1994.??.??"]
[Round "11"]
[White "Wahls, Matthias"]
[Black "Forster, Richard"]
[Result "0-1"]
[WhiteElo "2540"]
[BlackElo "2380"]
[PlyCount "74"]
[EventDate "1994.07.24"]
[EventType "tourn"]
[EventRounds "11"]
[EventCountry "SUI"]
[EventCategory "10"]

1. e4 e6 2. d4 b6 3. Nf3 Bb7 4. Bd3 c5 5. c3 Nf6 6. Qe2 Be7 7. O-O Nc6 8. a3 Na5 9. Nbd2 c4 10. Bc2 Qc7 11. h3 O-O 12. Nh2 Qc6 13. Re1 b5 14. Rb1 Rae8 15. Ndf3 Nb3 16. Bg5 a5 17. Ne5 Qc7 18. Bxb3 cxb3 19. Qxb5 Nxe4 20. Bxe7 Rxe7 21. f3 f6 22. Nd3 Bc6 23. Qh5 g6 24. Qh6 Nd6 25. Ng4 Nc4 26. Nf4 Qd6 27. Nd3 e5 28. dxe5 fxe5 29. Rbd1 e4 30. Qh4 g5 31. Qxg5+ Rg7 32. Qc5 Qxc5+ 33. Nxc5 exf3 34. Ne4 h5 35. Ngf2 d5 36. Nc5 Rxg2+ 37. Kf1 Bb5 0-1